000 00254nam a2200109Ia 4500
008 190914s9999||||xx |||||||||||||| ||und||
100 _aMumtaz Mufti
245 0 _aAli Pur Ka Aeli
260 _aLahore
_bAlfaisal Nashran
_c1998
300 _a781
942 _cBK
999 _c8704
_d8704